000 00774aam a2200277 i 4500
001 768714001
003 CO-MdFUSB
005 20250429170806.0
007 ta
008 250429t1967 sp |||| |||| 00| 0 spa d
040 _cCO-MdFUSB
041 0 _aspa
082 0 4 _223
_a239
_bR9342o
245 1 0 _aOrígenes :
_bcontra Celso
_c/ Introducción por Daniel Ruíz Bueno
264 1 _bBiblioteca de Autores Cristianos,
_aMadrid, España :
_c[1967]
264 4 _c©1967
300 _a634 páginas
336 _atexto
_btxt
_2rdacontent
337 _2rdamedia
_asin mediación
_bn
338 _2rdacarrier
_avolumen
_bnc
563 _aPasta dura
650 7 _aApologética
_9187
700 _aRuíz Bueno, Daniel,
_911327
_eintroductor
942 _cBK
945 _aJTF-925
999 _c35144
_d35144